[Event "Hannover-chB"]
[Site "Lehrte"]
[Date "2011.10.18"]
[Round "7"]
[White "Manusina, Nicole"]
[Black "Nuelle, Sascha"]
[Result "1-0"]
[WhiteElo "1722"]
[BlackElo "1745"]
[PlyCount "85"]
[EventDate "2011.10.15"]
[EventType "swiss"]
[EventRounds "7"]
[EventCountry "GER"]
[SourceTitle "EXT 2021"]
[Source "ChessBase"]
[SourceDate "2020.10.23"]
[SourceVersion "1"]
[SourceVersionDate "2020.10.23"]
[SourceQuality "1"]

1. d4 Nf6 2. c4 g6 3. Nc3 d5 4. cxd5 Nxd5 5. e4 Nxc3 6. bxc3 Bg7 7. Bc4 c5 8. Be3 0-0 9. Ne2 Nc6 10. 0-0 Qc7 11. Rc1 Na5 12. Bd3 c4 13. Bb1 e5 14. f4 exd4 15. Nxd4 Rd8 16. Qf3 Bd7 17. e5 Bc6 18. Be4 a6 19. Nxc6 Nxc6 20. Rb1 Re8 21. Rxb7 Qxb7 22. Bxc6 Qc8 23. Bxe8 Qxe8 24. Qd5 Rc8 25. Qa5 Qc6 26. Bd4 Bf8 27. Re1 Bc5 28. Bxc5 Qxc5+ 29. Qxc5 Rxc5 30. Rd1 Kf8 31. Kf2 Ke7 32. Ke3 Rb5 33. Rd2 Rb8 34. h4 h5 35. g3 Rb7 36. Ke4 Rb5 37. Kd4 Ke6 38. Kxc4 Kf5 39. Kd4 Kg4 40. Rd3 Ra5 41. c4 Rxa2 42. c5 Kf5 43. Kd5 1-0

[Event "Hannover-chB"]
[Site "Lehrte"]
[Date "2008.10.11"]
[Round "1"]
[White "Celik, Abdullah1111"]
[Black "Nuelle, Sascha"]
[Result "0-1"]
[WhiteElo "1699"]
[BlackElo "1561"]
[PlyCount "110"]
[EventDate "2008.10.11"]
[EventType "swiss"]
[EventRounds "7"]
[EventCountry "GER"]
[SourceTitle "EXT 2021"]
[Source "ChessBase"]
[SourceDate "2020.10.23"]
[SourceVersion "1"]
[SourceVersionDate "2020.10.23"]
[SourceQuality "1"]

1. d4 d5 2. Nf3 Nf6 3. c4 c6 4. e3 e6 5. Nc3 Nbd7 6. Qc2 Bd6 7. Bd3 0-0 8. 0-0 h6 9. e4 dxe4 10. Nxe4 Nxe4 11. Bxe4 Nf6 12. Bd3 c5 13. dxc5 Bxc5 14. Bf4 Qe7 15. Rad1 b6 16. a3 a5 17. Nd2 Rd8 18. Ne4 Nxe4 19. Bxe4 Bb7 20. Bxb7 Qxb7 21. Rd3 Qe7 22. Rfd1 Kf8 23. Kf1 Ke8 24. Qa4+ Kf8 25. Rd7 Rxd7 26. Rxd7 Qe8 27. Qc6 Rd8 28. Rc7 Qxc6 29. Rxc6 Rd4 30. Bc7 a4 31. Bxb6 Bxb6 32. Rxb6 Rxc4 33. Rb4 Rxb4 34. axb4 Ke7 35. Ke2 Kd6 36. Kd3 Kd5 37. b5 Kc5 38. b6 Kxb6 39. Kc4 Ka5 40. h4 g6 41. f4 f6 42. Kc5 g5 43. g3 gxh4 44. gxh4 e5 45. fxe5 fxe5 46. Kc4 e4 47. Kd4 Kb4 48. Kxe4 Kb3 49. Kf5 Kxb2 50. h5 a3 51. Kg6 a2 52. Kxh6 a1Q 53. Kh7 Kc2 54. h6 Qf6 55. Kg8 Qxh6 0-1

[Event "Hannover-ch U18"]
[Site "Lehrte"]
[Date "2006.10.15"]
[Round "3"]
[White "Iburg, Manuel"]
[Black "Nuelle, Sascha"]
[Result "0-1"]
[WhiteElo "1197"]
[BlackElo "1436"]
[PlyCount "126"]
[EventDate "2006.10.14"]
[EventType "swiss"]
[EventRounds "7"]
[EventCountry "GER"]
[SourceTitle "EXT 2021"]
[Source "ChessBase"]
[SourceDate "2020.10.23"]
[SourceVersion "1"]
[SourceVersionDate "2020.10.23"]
[SourceQuality "1"]

1. e4 e5 2. f4 Bc5 3. Nf3 d6 4. Bc4 Nf6 5. fxe5 dxe5 6. d3 0-0 7. g3 h6 8. c3 Re8 9. h3 Nc6 10. Qe2 Na5 11. Nbd2 Nxc4 12. Nxc4 Bd6 13. g4 Nh7 14. Be3 b5 15. Nxd6 Qxd6 16. g5 hxg5 17. Nxg5 Nxg5 18. Bxg5 f6 19. Bh4 b4 20. Qh5 Rd8 21. Rd1 Ba6 22. c4 Qd4 23. Qe2 Qd7 24. Rg1 Rf8 25. Qg4 Qxg4 26. Rxg4 Kf7 27. Ke2 g5 28. Be1 c5 29. Ra1 Bc8 30. Rg3 Rh8 31. a4 Bxh3 32. a5 Bd7 33. Rg2 a6 34. Bf2 Rac8 35. Rag1 Rh3 36. Rg3 Ke7 37. Rxh3 Bxh3 38. Rh1 g4 39. b3 Ke6 40. Be3 Kd6 41. Kf2 Rf8 42. Kg3 f5 43. exf5 Rxf5 44. Re1 Rf1 45. Rxf1 Bxf1 46. Kxg4 Bxd3 47. Kf3 e4+ 48. Kf4 Bc2 49. Kf5 Bxb3 50. Bf4+ Kc6 51. Kxe4 Bxc4 52. Bc1 Kb5 53. Be3 b3 54. Bc1 Kxa5 55. Ba3 Ka4 56. Bxc5 b2 57. Kd4 Bb5 58. Kc3 b1Q 59. Bd4 Qb4+ 60. Kc2 Qxd4 61. Kc1 Qf2 62. Kb1 Kb3 63. Ka1 Qb2# 0-1

[Event "Hannover-ch U18"]
[Site "Lehrte"]
[Date "2006.10.14"]
[Round "2"]
[White "Nuelle, Sascha"]
[Black "Vossfeldt, Michael"]
[Result "1/2-1/2"]
[WhiteElo "1436"]
[BlackElo "1440"]
[PlyCount "68"]
[EventDate "2006.10.14"]
[EventType "swiss"]
[EventRounds "7"]
[EventCountry "GER"]
[SourceTitle "EXT 2021"]
[Source "ChessBase"]
[SourceDate "2020.10.23"]
[SourceVersion "1"]
[SourceVersionDate "2020.10.23"]
[SourceQuality "1"]

1. e4 e5 2. Nf3 Nc6 3. Bb5 a6 4. Ba4 b5 5. Bb3 Bc5 6. c3 Nf6 7. 0-0 0-0 8. d4 exd4 9. cxd4 Be7 10. e5 Ne4 11. Nc3 Nxc3 12. bxc3 d6 13. Bf4 Bb7 14. Bd5 Rb8 15. a4 dxe5 16. Bxc6 Bxc6 17. Nxe5 Bd5 18. axb5 axb5 19. Qc2 Bd6 20. Qd2 Ra8 21. Ng4 Bxf4 22. Qxf4 Qd7 23. Ne3 Be6 24. Qe4 c6 25. Qc2 h6 26. Qb2 Qd6 27. Rxa8 Rxa8 28. Ra1 Rxa1+ 29. Qxa1 Kh7 30. Qb1+ g6 31. Qb2 c5 32. Qxb5 cxd4 33. cxd4 Qxd4 34. Qe2 Qa1+ 1/2-1/2